| Tag |
First Indicator |
Second Indicator |
Subfields |
| LEADER |
00000cam a2200000 a 4500 |
| 001 |
in00001403469 |
| 005 |
20151020055529.0 |
| 008 |
980122s1997 txu b 100 0 eng d |
| 035 |
|
|
|a (OCoLC)38240935
|
| 035 |
|
|
|9 AHN4718AM
|
| 040 |
|
|
|a SNM
|c SNM
|d OCL
|d TXA
|d UtOrBLW
|
| 049 |
|
|
|a TXAM
|
| 090 |
|
|
|a HB3730
|b .I5737 1997
|
| 110 |
2 |
|
|a International Trade and Finance Association.
|b Conference
|n (7th :
|d 1997 :
|c Porto, Portugal)
|
| 245 |
1 |
0 |
|a International business in the new millennium /
|c Khosrow Fatemi (Editor).
|
| 264 |
|
1 |
|a [Laredo, Tex.] :
|b [Texas A&M International University],
|c [1997]
|
| 300 |
|
|
|a 3 volumes ;
|c 23 cm.
|
| 336 |
|
|
|a text
|b txt
|2 rdacontent
|
| 337 |
|
|
|a unmediated
|b n
|2 rdamedia
|
| 338 |
|
|
|a volume
|b nc
|2 rdacarrier
|
| 504 |
|
|
|a Includes bibliographical references.
|
| 505 |
0 |
|
|a v. 1. International business and multinational firms -- v. 2. International trade and policy issues -- v. 3. International capital markets and economic integration.
|
| 650 |
|
0 |
|a Economic forecasting.
|
| 650 |
|
0 |
|a Business forecasting.
|
| 650 |
|
0 |
|a Twenty-first century
|v Forecasts.
|
| 700 |
1 |
|
|a Fatemi, Khosrow.
|
| 948 |
|
|
|a C:BLW
|d 20030215
|
| 999 |
|
|
|a MARS
|
| 999 |
f |
f |
|s 3b11a6e9-fd83-35dc-a147-2303537b9887
|i b18a82aa-8006-3a0a-b386-74dfa1a951ef
|t 0
|
| 952 |
f |
f |
|p ric
|a Texas A&M University
|b Rellis Campus
|c Joint Library Facility
|d Remote Storage
|t 0
|e HB3730 .I5737 1997
|h Library of Congress classification
|i unmediated -- volume
|k v.2
|m A14822110195
|
| 952 |
f |
f |
|p ric
|a Texas A&M University
|b Rellis Campus
|c Joint Library Facility
|d Remote Storage
|t 0
|e HB3730 .I5737 1997
|h Library of Congress classification
|i unmediated -- volume
|k v.3
|m A14822110200
|
| 998 |
f |
f |
|a HB3730 .I5737 1997
|s v.2-3
|t 0
|l Remote Storage
|